00368pab a2200133 454500008004000000100002200040245008600062260000900148300001000157362001100167650002200178650001400200773002000214180718b2000 xxu||||| |||| 00| 0 eng d aChinara, Benudhar aGender disparity and education in post independent India - a situational analysis c2000 ap.1-7 a31 Jan aEducation - India aEducation aUniversity News